| 000 -LEADER |
| fixed length control field |
00850cam a22002057a 4500 |
| 020 ## - INTERNATIONAL STANDARD BOOK NUMBER |
| ISBN |
9251051577 |
| 040 ## - CATALOGING SOURCE |
| Transcribing agency |
Z#U |
| 082 00 - DEWEY DECIMAL CLASSIFICATION NUMBER |
| Classification number |
579 FOO 2004 A080 Or. |
| 100 1# - MAIN ENTRY--AUTHOR NAME |
| Personal name |
Boa, E. R. |
| 245 10 - TITLE STATEMENT |
| Title |
Wild edible fungi : |
| Remainder of title |
a global overview of their use and importance to people / |
| 260 ## - PUBLICATION, DISTRIBUTION, ETC. (IMPRINT) |
| Place of publication |
Rome : |
| Name of publisher |
Food and Agriculture Organization of the United Nations, |
| Year of publication |
2004. |
| 300 ## - PHYSICAL DESCRIPTION |
| Number of Pages |
xii, 147 p. : |
| Other physical details |
ill. (some col.) ; |
| Dimensions |
30 cm. |
| 500 ## - GENERAL NOTE |
| General note |
"TC/M/Y5489E/1/07.04/3000"--P. [4] of cover. |
| 520 ## - SUMMARY, ETC. |
| Summary, etc |
Paper discusses traditional and contemporary uses of fungi as food or in medicine. Reviews the charactersitics of fungi biology and ecology, as well as fungi management. |
| 650 #0 - SUBJECT ADDED ENTRY--TOPICAL TERM |
| Topical Term |
Edible fungi. |
| 650 #0 - SUBJECT ADDED ENTRY--TOPICAL TERM |
| Topical Term |
Non-timber forest resources. |
| 650 #0 - SUBJECT ADDED ENTRY--TOPICAL TERM |
| Topical Term |
Wild foods. |
| 710 2# - ADDED ENTRY--CORPORATE NAME |
| Corporate name or jurisdiction name as entry element |
Food and Agriculture Organization of the United Nations. |
| 942 ## - ADDED ENTRY ELEMENTS (KOHA) |
| Koha item type |
សៀវភៅភាសាអង់គ្លេស |
| 952 ## - LOCATION AND ITEM INFORMATION (KOHA) |
| Withdrawn status [LOCAL, KOHA] |
0 |